000 01143nam a2200253Ia 4500
003 Ost
005 20260507075233.0
008 260507s9999||||xx |||||||||||||| ||und||
020 _a25412499579
040 _cfsecg
041 _aara
082 _a330
100 _aالدعيلج، ابراهيم بن عبد العزيز
_eمؤلف
245 0 _aمناهج و طرق البحث العلمي /
_c ابراهيم بن عبد العزيز الدعيلج
260 _aعمان:
_bدار صفاء,
_c2009
300 _a199 صفحة؛
_bإيضاحات ؛
_c24 سم
504 _aمراجع ص.185
520 _aالبحث العلمي : طبيعته ، مفاهيمه ، أهميته ، فوائده، مسمياته ، البحث العلمي في الاسلام ،أدوات البحث العلمي و التحليل الاحصائي و الاستدلالي و المكتبة و البحث العلمي و إعداد ورقة البحث.
653 _aأساليب البحث
653 _aالبحث العلمي
653 _aالتعليم العالي- الجامعات
653 _aمناهج البحث
942 _cكتاب
999 _c43570
_d43570